Statistiques concernant Finalistes des Ligues des Champions depuis 1992

Cliquez ici pour prendre le quiz!

Statistiques générales

  • Ce quiz a été pris 2 511 fois
  • Le résultat moyen est 45 sur 48

Statistiques - réponses

AnnéeClubs% Correct
1998Real Madrid
100%
2002Real Madrid
100%
2014Real Madrid
100%
2000Real Madrid
100%
2006FC Barcelone
99%
2011FC Barcelone
99%
1994FC Barcelone
99%
2009FC Barcelone
99%
2015FC Barcelone
99%
2016Real Madrid
99%
1993AC Milan
98%
2003AC Milan
98%
2005AC Milan
98%
2007AC Milan
98%
1996AC Milan
98%
1995AC Milan
98%
1994AC Milan
98%
2009Manchester United
98%
2008Manchester United
98%
2011Manchester United
98%
1999Manchester United
98%
2010Inter Milan
97%
2002Bayer Leverkusen
96%
2008Chelsea
96%
2012Chelsea
96%
2003Juventus
96%
1998Juventus
96%
1997Juventus
96%
2015Juventus
96%
1996Juventus
96%
2007Liverpool
96%
2005Liverpool
96%
1993Olympique de Marseille
96%
1997Borussia Dortmund
95%
2013Borussia Dortmund
95%
2014Atletico Madrid
94%
2016Atletico Madrid
94%
2010Bayern Munich
91%
2001Bayern Munich
91%
2012Bayern Munich
91%
2013Bayern Munich
91%
1999Bayern Munich
91%
2004FC Porto
90%
2006Arsenal
88%
2004AS Monaco
81%
1995Ajax Amsterdam
78%
2001FC Valence
64%
2000FC Valence
64%

Distribution des résultats

Percentile par nombre de réponses

% des personnes avec chaque résultat

Votre développement - résultats

Vous n’avez pas pris ce quiz